Milyen okok miatt változott az államadósság finanszírozási szerkezete az elmúlt 10 évben hazánk és Belgium esetében?

Bibliográfiai részletek
Szerző: Sipos Dorina
További közreműködők: Garay Zsolt
Dokumentumtípus: Diplomadolgozat
Kulcsszavak:Államadósság
Megtakarítás
Állampapírok
Magyarország
Belgium
Online Access:http://dolgozattar.uni-bge.hu/425

MARC

LEADER 00000nta a2200000 i 4500
001 dolg425
005 20151123100125.0
008 150305suuuu hu om 000 hun d
040 |a BGE Dolgozattár Repozitórium  |b hun 
041 |a hu 
100 1 |a Sipos Dorina 
245 1 0 |a Milyen okok miatt változott az államadósság finanszírozási szerkezete az elmúlt 10 évben hazánk és Belgium esetében?  |c Sipos Dorina  |h [elektronikus dokumentum] 
246 1 1 |a Milyen okok miatt változott az államadósság finanszírozási szerkezete az elmúlt 10 évben hazánk és Belgium esetében? 
246 1 1 |a - 
520 3 |a - 
695 |a Államadósság 
695 |a Megtakarítás 
695 |a Állampapírok 
695 |a Magyarország 
695 |a Belgium 
700 1 |a Garay Zsolt  |e ths 
856 4 0 |u http://dolgozattar.uni-bge.hu/425/1/Sipos%20Dorina%20szakdolgozat.pdf  |z Dokumentum-elérés